Histoire par lettre - L - Statistiques

Statistiques générales
  • Ce quiz a été pris 166 fois
  • Le résultat moyen est 11 sur 20
Statistiques - réponses
Questions Réponses % Correct
Quel autre pays balte est appelé Latvia en anglais ? Lettonie
91%
Quel Etat a été vendu aux Etats-Unis par Napoléon Bonaparte ? Louisiane
90%
Quel homme politique russe, mort en 1924 est le principal instigateur de la Révolution Bolchevike ? Vladimir Lénine
89%
Quel pays balte est le plus peuplé ? Lituanie
84%
Quel homme est à l'origine des réformes protestantes ? Martin Luther
79%
Quel était l'ancien nom de la ville de Lyon ? Lugdunum
78%
Quel roi des Belges est connu pour sa politique discriminatoire lors de la colonisation en RDC ? Léopold
74%
Quel président brésilien controversé a succédé à Bolsonaro ? Lula
73%
Quel pays africain a déclaré son indépendance en 1847, le premier en Afrique ? Libéria
72%
Quel homme politique est à l'origine de l'abolition de l'esclavage aux Etats-Unis ? Abraham Lincoln
71%
Qui est le dernier roi de France ? Louis-Philippe d'Orléans
63%
Dans quelle ville le Général De Gaulle est-il né ? Lille
62%
Quel roi spartiate a été tué lors de la bataille des Thermopyles ? Léonidas
58%
Quel région se situe autour la capitale romaine et du Vatican ? Latium
38%
Quelle ville allemande est le siège d'une défaite napoléonienne en 1813 ? Leipzig
36%
Quel président français est arrivé au pouvoir après la mort de Félix Faure, en 1899 ? Emile Loubet
21%
Quel royaume a été constitué en 855 après division du royaume de Lothaire Ier ? Lotharingie
20%
Quelle révolutionnaire communiste a été assassinée au lendemain de la Première Guerre Mondiale ? Rosa Luxembourg
20%
Quelle bataille s'est déroulée dans le Golfe de Patras en 1571 ? Lépante
12%
Durant quelle bataille le Général Custer a été tué par Sitting Bull est son armée ? Little Big Horn
12%
Aucun quiz correspondant
Distribution des résultats
% des personnes avec chaque résultat
Percentile par nombre de réponses
Votre historique - résultats
Vous n’avez pas pris ce quiz